Statistiken für Die sieben Hügel Roms

Klicken Sie hier um das Quiz zu spielen!

Allgemein

  • Dieses Quiz wurde 18 mal gespielt
  • Das Durchschnittsergebnis liegt bei 3 aus 7

Antwortstatistiken

HintAntwort% Korrekt
4)Kapitol
73%
5)Palatin
67%
1)Aventin
60%
6)Quirinal
40%
3)Esquilin
33%
7)Viminal
27%
2)Caelius
20%

Verteilung der Resultate

Perzentil nach korrekt beantworteten Fragen

Anzahl Personen mit jedem Resultat

Ihre Resultats-Entwicklung

Sie haben dieses Quiz noch nicht gespielt